Responses for Show #7216 - Monday, January 18, 2016

4th regular play game that didn't have a winner.

Contestants

[<< previous game]

Randi Kristensen, a professor from Washington, D.C.

Claudia Corriere, a church musician and homemaker from Kennesaw, Georgia (whose 2-day cash winnings total $29,000)

Mike Drummond, an application scientist from Columbus, Ohio (whose 1-day cash winnings total $20,801)

[next game >>]

Jeopardy! Round responses

CREATION STORIES
LAKES & RIVERS
"A", "B", "C", "D", "E"
OH SAY CAN YOU SEE?
WHAT SO PROUDLY WE HAILED
GALLANTLY STREAMING TV
    $200 8
Hawaii

Mike
    $200 6
Lake Victoria

Mike
    $200 1
are

Mike
    $200 11
(Claudia: What is... Arizona?)

Idaho

ClaudiaRandi
    $200 16
Community

Claudia
    $400 13
Odin

Mike
    $400 7
Okeechobee

Claudia
    $400 2
Babel

Mike
    $400 14
(Al) Capone

Claudia
    $400 17
Bosch

Claudia
    $600 15
yin & yang

Claudia
    $600 9
(Alex: You had a choice here--the Euphrates or [*].)

the Tigris

Triple Stumper
    $600 3
(Claudia: What is a cape?)

a cowl

MikeClaudia
    $600 21
Notre Dame

Mike
    $600 28
[The end-of-round signal sounds.]

the MacArthur Foundation

Claudia
    $600 18
Kimmy Schmidt

Claudia
    $800 22
Ra

Claudia
    $800 10
(Claudia: What is the Po?)

the Arno River

Claudia
Triple Stumper
    $800 4
dulcet

Claudia
    $800 24
(Alex: You got him with less than a minute to go now.)

Orrin Hatch

Randi
    $800 27
the Medal of Freedom

Randi
    $800 19
the Wachowskis

Claudia
    $1000 23
Gaia

Mike
    $200 12
Lake Pontchartrain

Randi
    $1000 5
errata

Mike
    $1000 25
a trolley

Triple Stumper
    $1000 26
John Glenn

Randi
    $1000 20
Transparent

Randi

Scores at the first commercial break (after clue 15):

Mike Claudia Randi
$3,000 $600 $400

Scores at the end of the Jeopardy! Round:

Mike Claudia Randi
$4,600 $4,000 $4,000

Double Jeopardy! Round responses

PLANETARY BOOKSTORE
FOREIGN WORDS & PHRASES
ACCOUNTING
WHOSE '70s NO. 1 ALBUM?
THE FRENCH REVOLUTION
LONG-LIVED CREATURES
    $400 10
Planet of the Apes

Mike
    $400 13
sweat

Randi
    $400 25
liability

Claudia
    $400 1
[Claudia selected the first clue.]

Elton John

Randi
    $400 20
bread

Claudia
    $400 6
a whale

Claudia
    $800 11
Uranus

Mike
    $2,000 14
detente

Randi
    $800 26
net worth

Randi
    $800 2
Stevie Wonder

Claudia
    $800 21
the Bastille

Mike
    $800 7
a (water) bear

Claudia
    $1200 12
John Gray

Triple Stumper
    $1200 15
Angst

Mike
    $1200 27
disburse

Mike
    $1200 3
The Rolling Stones

Claudia
    $1200 22
Louis XVI

Mike
    $1200 8
the hydra

Triple Stumper
    $1600 18
(Randi: What is The Pearl?)

The Good Earth (by Pearl Buck)

Randi
Triple Stumper
    $1600 16
sotto voce

Mike
    $1600 29
[The end-of-round signal sounds.]

Deloitte

Claudia
    $1600 4
Pink Floyd

Claudia
    $1600 23
the fleur-de-lis

Claudia
    $3,000 9
an albatross

Claudia
    $2000 19
(Claudia: Who is Margaret Atwood?)
...
(Alex: She was the obvious one to go to. [*] is the correct response in this case.)

Alice Munro

Claudia
Triple Stumper
    $2000 17
ex cathedra

Mike
    $2000 5
George Harrison

Triple Stumper
    $2000 28
the Estates-General

Triple Stumper
    $2000 24
(Alex: Less than a minute to go now, Claudia.)

a lobster

Triple Stumper

Scores at the end of the Double Jeopardy! Round:

Mike Claudia Randi
$13,800 $13,800 $6,000

[wagering suggestions for these scores]

Final Jeopardy! Round responses

STATE CAPITALS
[Claudia's response was revealed before Mike's.]
...
(Alex: [To Mike] The president in question in the clue is Bill Clinton.
The correct response is [*]. Let's see what Mike lost. $13,800. We have three players finishing with no money. And what that means, ladies and gentlemen, is that tomorrow we will have no returning champion. We will introduce three new players to Jeopardy! So, sorry, folks. See you tomorrow.)
RandiWhat is Springf
$6,000
ClaudiaWhat is Austin
$13,800
MikeWhat is Atlanta?
$13,800
Little Rock, Arkansas

Final scores:

Mike Claudia Randi
$0 $0 $0
Loser: $2,000 Loser: $2,000 Loser: $1,000

Game dynamics:

Coryat scores:

Mike Claudia Randi
$13,800 $12,400 $5,600
17 R,
0 W
20 R
(including 1 DD),
4 W
10 R
(including 2 DDs),
1 W

Combined Coryat: $31,800

[game clues] [game scores] [suggest correction]

Game tape date: 2015-12-14
The J! Archive is created by fans, for fans. Scraping, republication, monetization, and malicious use prohibited; this site may use cookies and collect identifying information. See terms. The Jeopardy! game show and all elements thereof, including but not limited to copyright and trademark thereto, are the property of Jeopardy Productions, Inc. and are protected under law. This website is not affiliated with, sponsored by, or operated by Jeopardy Productions, Inc. Join the discussion at JBoard.tv.